Bowl History - Famous Idaho Potato Bowl - Statistics

General Stats
  • This quiz has been taken 90 times
    81 since last reset
  • The average score is 11 of 21
Answer Stats
Year Winner % Correct
2002 Boise State
96%
2000 Boise State
96%
1999 Boise State
96%
2016 Idaho
79%
2009 Idaho
79%
1998 Idaho
79%
2017 Wyoming
66%
2012 Utah State
62%
2007 Fresno State
59%
2004 Fresno State
59%
2013 San Diego State
57%
2014 Air Force
46%
2006 Miami (FL)
41%
2011 Ohio
38%
2015 Akron
34%
2010 Northern Illinois
31%
2005 Boston College
28%
Jan. 3, 2004 Georgia Tech
24%
2001 Clemson
21%
1997 Cincinnati
19%
2008 Maryland
19%
No matching quizzes found
Score Distribution
Percent of People with Each Score
Percentile by Number Answered
Your Score History
You have not taken this quiz since the last reset